Rázcestia antickej filozofie. Rozhovor s Františkom Škvrndom

Na minha lista:
Detalhes bibliográficos
Autor principal: Fraňo, Peter
Outros Autores: Škvrnda, František, ml., 1987-
Formato: Capítulo de Livro
Idioma:eslovaco
Assuntos:
Tags: Adicionar Tag
Sem tags, seja o primeiro a adicionar uma tag!

MARC

LEADER 00000naa a2200000 4500
001 0250791
005 20240502074024.4
041 0 |a slo 
044 |a SK 
245 1 0 |a Rázcestia antickej filozofie. Rozhovor s Františkom Škvrndom  |c Peter Fraňo, František Škvrnda ml. 
610 2 0 |a filozofia 
610 2 0 |a kultúra 
610 2 0 |a história 
610 2 0 |a literatúra 
100 1 |a Fraňo, Peter 
700 1 |a Škvrnda, František, ml., 1987-